000
00322nam a2200121Ia 4500
008
180205s9999 xx 000 0 und d
020
_a
981253251x
100
_a
Cutnell, John D.
245
_c
Johnson, Kenneth W.
_a
Physics /
250
_a
7th ed
260
_a
Philippines
_b
C&E publishing
_c
2007
300
_a
vii, 1051 pages
999
_c
354735
_d
354735